The theory of evolution : from a space vacuum to neural ensembles and moving forward /

Bibliographic Details
Main Author: Bazaluk, O. A. (Oleg Aleksandrovich), 1968- (Author)
Corporate Author: EBSCOhost
Format: eBook
Language:English
Published: Newcastle upon Tyne, UK : Cambridge Scholars Publishing, 2016.
Subjects:
Online Access:Connect to the full text of this electronic book

MARC

Tag First Indicator Second Indicator Subfields
LEADER 00000cam a22000001i 4500
001 in00003774569
006 m |o d |
007 cr |n|||||||||
008 160422s2016 enk ob 000 0 eng d
005 20260609154106.4
020 |a 9781443888622 (electronic bk.) 
020 |a 1443888621 (electronic bk.) 
020 |z 9781443887212 
020 |z 1443887218 
024 8 |a 40025954102 
035 |a (NhCcYBP)EBSCO1168392 
040 |a NhCcYBP  |c NhCcYBP  |d UtOrBLW 
050 4 |a QH360.5  |b .B39 2016 
082 0 4 |a 576.8  |2 23 
100 1 |a Bazaluk, O. A.  |q (Oleg Aleksandrovich),  |d 1968-  |e author.  |0 http://id.loc.gov/authorities/names/nr2001028477 
245 1 4 |a The theory of evolution :  |b from a space vacuum to neural ensembles and moving forward /  |c by Oleg Bazaluk. 
264 1 |a Newcastle upon Tyne, UK :  |b Cambridge Scholars Publishing,  |c 2016. 
300 |a 1 online resource. 
336 |a text  |b txt  |2 rdacontent 
337 |a computer  |b c  |2 rdamedia 
338 |a online resource  |b cr  |2 rdacarrier 
504 |a Includes bibliographical references. 
588 |a Description based on print version record. 
500 |a Electronic resource. 
650 0 |a Evolution (Biology)  |x Philosophy.  |0 http://id.loc.gov/authorities/subjects/sh94003836 
655 7 |a Electronic books.  |2 local 
710 2 |a EBSCOhost. 
776 1 8 |c Original  |z 9781443887212  |z 1443887218 
856 4 0 |u http://proxy.library.tamu.edu/login?url=https://search.ebscohost.com/login.aspx?direct=true&scope=site&db=nlebk&db=nlabk&AN=1168392  |z Connect to the full text of this electronic book  |t 0 
955 |a YBP purchased approval e-records 
980 |b 130.43  |g 1 
987 |a ybp12845888 
999 f f |s 6d668a0b-f3ba-36f1-a9ec-b0c9345e5c12  |i a83b346e-b351-3a12-a668-261f7cc01617  |t 0 
952 f f |a Texas A&M University  |b College Station  |c Electronic Resources  |s www_evans  |d Available Online  |t 0  |e QH360.5 .B39 2016  |h Library of Congress classification 
998 f f |a QH360.5 .B39 2016  |t 0  |l Available Online